Statistics for AFL Quiz

Click here to take the quiz!

General Stats

  • This quiz has been taken 222 times
  • The average score is 13 of 21

Answer Stats

HintAnswer% Correct
Which club has played in 2 out of 3 drawn Grand Finals?Collingwood
93%
Who is the only club to win 4 Premierships in a row?Collingwood
93%
Which club won the first ever AFL Premiership?Collingwood
93%
Which club came back from a 44 point deficit in the 1970 Grand Final to win 111-101?Carlton
87%
Which club was introduced in 2011?Gold Coast
87%
Who was the first club to win the VFL Premiership?Essendon
86%
In what year did the AFLW debut?2017
81%
Who holds the record for the most VFL/AFL goals?Tony Lockett
76%
Who was the last player to kick 100 goals in a season?Lance Franklin
72%
In what year during the 90's was the Grand Final played at Waverley Park and not the MCG?1991
71%
What year did the VFL switch to AFL?1990
69%
What is the name of Perths' new Stadium?Optus Stadium
69%
What non Victorian club was the first to win the Grand Final?West Coast
67%
What year did the VFL begin?1897
63%
Which club recorded the lowest score in a match?St Kilda
62%
Who holds the record for the most VFL/AFL Games?Brent Harvey
57%
Which 2 clubs have won the most Premierships?Carlton & Essendon
56%
What is the highest Grand Final Attendance?121000
10%
What player has won the most Coleman medals?Dick Lee
7%
What is the name of the trophy given to the minor premiers?McClelland
4%
Name 1 out of 4 players to win 3 brownlow medals?Haydn Bunton, Dick Reynolds, Bob Skilton or Ian Stewart
1%

Score Distribution

Percentile by Number Answered

Percent of People with Each Score

Your Score History

You have not taken this quiz